|
|
|
|
| LEADER |
01200nam a2200253 a 4500 |
| 001 |
006724392 |
| 008 |
100720r19881983enka 000 0 eng d |
| 020 |
|
|
|a 0335103049 (pbk)
|
| 040 |
|
|
|a Uk
|c Uk
|d BD-DhAAL
|
| 082 |
0 |
0 |
|a 305.4/2
|2 19
|
| 245 |
0 |
0 |
|a The Changing experience of women :
|b Unit 7, Women in the household : a historical analysis, 1500-1850 / prepared for the Course Team by Rosemary O'Day ; [Unit 8 : Development of family and work in capitalist society] / [prepared for the Course Team by Catherine Hall and Susan Himmelweit].
|
| 260 |
|
|
|a Milton Keynes :
|b The Open University Press,
|c 1983.[Repriinted 1988]
|
| 300 |
|
|
|a 56,48p. :
|b ill., facsims.,3ports ;
|c 30 cm.
|
| 490 |
0 |
|
|a U221 ;
|v 7 and 8
|
| 504 |
|
|
|a Includes bibliographical references.
|
| 541 |
1 |
|
|e 00004280
|
| 650 |
|
0 |
|a Women
|x Social conditions.
|
| 700 |
1 |
|
|a O'Day,Rosemary.
|
| 700 |
1 |
|
|a Hall, Catherine,
|d 1946-
|
| 700 |
1 |
|
|a Himmelweit, Susan.
|
| 710 |
1 |
|
|a Open University.
|b U221CourseTeam.
|
| 852 |
4 |
|
|a Ayesha Abed Library
|j General shelf
|
| 999 |
|
|
|c 9363
|d 9363
|
| 952 |
|
|
|0 0
|1 0
|2 ddc
|4 0
|6 305_420000000000000_CHA_1988
|7 0
|9 12093
|a BRACUL
|b BRACUL
|c GEN
|d 2010-09-26
|g 935.00
|l 0
|o 305.42 CHA
|p 3010004280
|r 2010-09-26
|t 1
|w 2010-09-26
|y BK
|